000 00733 a2200193 4500
999 _c1698
_d1698
020 _a9781780648309 (hbk : alk. paper)
020 _a9781780648323 (epub)
050 0 0 _aHD9045MIL
245 0 0 _aMillets value chain for nutritional security :
_ba replicable success model from India /
_ceditors: B. Dayakar Rao, N.G. Malleshi, George A. Annor, J.V. Patil.
264 1 _aBoston, MA :
_bCABI,
_c[2016]
300 _a217P,:
_bill.(col.)
500 _aIncludes bibliographical references and index.
504 _aIncludes bibliographical references and index.
650 0 _aMillet industry
650 0 _aMillets
_xNutritional aspects
700 1 _aDayakar Rao, B.
_q(Benhur),
_eeditor.
942 _2lcc
_cBK
_h9045
_iMIL
_kHD